Statistics for G6京藏高速公路途经的地级和县级行政区

Click here to take the quiz!

General Stats

  • This quiz has been taken 7 times
  • The average score is 58 of 89

Answer Stats

县级行政区% Correct
拉萨市
100%
银川市
100%
白银区
100%
格尔木市
100%
张家口市
100%
呼和浩特市
100%
包头市
100%
巴彦淖尔市
100%
鄂尔多斯市
100%
乌海市
100%
海南区
100%
石嘴山市
100%
吴忠市
100%
中卫市
100%
白银市
100%
兰州市
100%
临夏回族自治州
100%
海东市
100%
西宁市
100%
海南藏族自治州
100%
海西蒙古族藏族自治州
100%
那曲市
100%
阿拉善盟
86%
乌兰察布市
86%
乌兰县
86%
昌平区
86%
海淀区
86%
延庆区
86%
共和县
71%
怀来县
71%
下花园区
71%
桥西区
71%
堆龙德庆区
71%
西固区
71%
集宁区
71%
城北区
57%
临河区
57%
湟源县
57%
湟中区
57%
当雄县
57%
城东区
57%
红古区
57%
安宁区
57%
色尼区
57%
沙坡头区
57%
鄂托克旗
57%
阿拉善左旗
57%
宣化区
57%
万全区
57%
察哈尔右翼前旗
57%
兴和县
57%
怀安县
57%
青山区
43%
尚义县
43%
东河区
43%
九原区
43%
昆都仑区
43%
土默特右旗
43%
土默特左旗
43%
卓资县
43%
回民区
43%
新城区
43%
赛罕区
43%
磴口县
43%
都兰县
43%
中宁县
43%
海勃湾区
43%
杭锦后旗
43%
惠农区
43%
平罗县
43%
贺兰县
43%
兴庆区
43%
永宁县
43%
青铜峡市
43%
利通区
43%
红寺堡区
43%
同心县
43%
乌拉特前旗
43%
平川区
43%
五原县
43%
皋兰县
43%
永登县
43%
永靖县
43%
民和回族土族自治县
43%
乐都区
43%
平安区
43%
互助土族自治县
43%
杭锦旗
43%
靖远县
43%

Score Distribution

Percentile by Number Answered

Percent of People with Each Score

Your Score History

You have not taken this quiz